Countries Bordering the Most 'S' Countries - Hard Version - Statistics

General Stats
  • This quiz has been taken 92 times
  • The average score is 7 of 11
Answer Stats
# 'S' Countries Answer % Correct
3 Sudan, Somalia, South Sudan Ethiopia
86%
3 San Marino, Slovenia, Switzerland Italy
78%
3 Spain, Suriname, Switzerland France
73%
3 Slovakia, Slovenia, Switzerland Austria
72%
3 Serbia, Slovakia, Slovenia Hungary
72%
2 Sudan, South Sudan Central African Republic
70%
2 Somalia, South Africa Kenya
66%
2 Serbia, Slovenia Croatia
63%
2 Saudi Arabia, Syria Jordan
52%
2 Saudi Arabia, Syria Iraq
51%
2 Senegal, Sierra Leone Guinea
42%
No matching quizzes found
Score Distribution
Percent of People with Each Score
Percentile by Number Answered
Your Score History
You have not taken this quiz